Techniques de l'expression écrite et orale (Record no. 49819)

MARC details
000 -LEADER
fixed length control field 00501nam a22001817a 4500
008 - FIXED-LENGTH DATA ELEMENTS--GENERAL INFORMATION
fixed length control field 111020t xxu||||| |||| 00| 0 eng d
020 ## - INTERNATIONAL STANDARD BOOK NUMBER
International Standard Book Number 978 2 247 07590 4
040 ## - CATALOGING SOURCE
Original cataloging agency BUAC
Transcribing agency CDIRSP
041 ## - LANGUAGE CODE
Language code of text/sound track or separate title Fr
100 ## - MAIN ENTRY--PERSONAL NAME
Personal name BARIL, Denis
9 (RLIN) 19705
245 ## - TITLE STATEMENT
Title Techniques de l'expression écrite et orale
Statement of responsibility, etc / Denis BARIL
250 ## - EDITION STATEMENT
Edition statement 11 è éd.
260 ## - PUBLICATION, DISTRIBUTION, ETC. (IMPRINT)
Place of publication, distribution, etc Paris :
Name of publisher, distributor, etc SIREY,
Date of publication, distribution, etc 2008
300 ## - PHYSICAL DESCRIPTION
Extent 345 p.
650 ## - SUBJECT ADDED ENTRY--TOPICAL TERM
Topical term or geographic name as entry element Langue française
9 (RLIN) 19706
653 ## - INDEX TERM--UNCONTROLLED
Uncontrolled term Techniques
-- Expression
-- Cours
942 ## - ADDED ENTRY ELEMENTS (KOHA)
Item type Livre exclu du prêt
Holdings
Withdrawn status Lost status Damaged status Not for loan Location (home branch) Sublocation or collection (holding branch) Date acquired Source of acquisition Koha issues (times borrowed) Piece designation (barcode) Koha date last seen Copy number Price effective from Koha item type
        Centre de Documentation et d'Information de l'Institut Regional Santé Publique Centre de Documentation et d'Information de l'Institut Regional Santé Publique 20/10/2011 Don   4408CDIRSP 20/10/2011 1 20/10/2011 Livre exclu du prêt


© 2008, Bibliothèques de l'Université d'Abomey-Calavi

04 BP 789 Cotonou, Tél. : +229 21 36 01 01, Fax : +229 21 35 06 32

Courriel : bu@bu.uac.bj